000 00232nam a22000857a 4500
008 160905b xxu||||| |||| 00| 0 eng d
100 _9301
_aAggarwal M.L
245 _aCCE Mathematics-IX
_bTerm-I
260 _aNew Delhi
_bAPC publication
_c2011
999 _c2961
_d2961